01076nab a22002057a 4500999001500000003000400015005001700019008004100036040000700077100003100084245018200115260007300297300001200370500004400382505016400426505008900590650002800679773015000707942001300857 c5523d5523OSt20251211135156.0190604e xxu||||| |||| 00| 0 spa d cPJ 96504aGozalbez, Rodrigo J.10aAnálisis crítico de la desregulación y reforma del sistema de gestión del derecho de autor y los derechos conexos de la República Argentina /cRodrigo J. Gozalbez. aCiudad Autónoma de Buenos Aires :bThomson Reuters La Ley, c2025. ap. 5-18 aCita Online: TR LALEY AR/DOC/18042025.  aSumario: I. Introducción.— II. El sistema de gestión colectiva de derecho de autor y derechos conexos.— III. Los decretos del PEN.— IV. Conclusiones. t¿Te interesa el texto completo? Solicitalo al correo: koha@justierradelfuego.gov.ar 093459aDERECHOS DE AUTOR0 0271493171dCiudad Autónoma de Buenos Aires : Thomson Reuters La Ley, 2014-tRevista anales de legislación argentina. Nº 11- Noviembre 2025. 2udccANA